Statistiken für Filmrolle zu Schauspieler/in (6)

Klicken Sie hier um das Quiz zu spielen!

Allgemein

  • Dieses Quiz wurde 261 mal gespielt
  • Das Durchschnittsergebnis liegt bei 7 aus 14

Antwortstatistiken

FilmrolleFilmrolleFilmrolleFilmrolleSchaupspieler/in% Korrekt
Richard B. RiddickDominic "Dom" TorettoXander CageTooropVin Diesel
75%
Logan / WolverineDr. Gabriel Van HelsingP. T. BarnumCharlie KentonHugh Jackman
72%
Edward CullanCedric DiggoryBruce Wayne / BatmanEric PackerRobert Pattinson
65%
Baird WhitlockMatt KowalskiDaniel "Danny" OceanBruce Wayne / BatmanGeorge Clooney
63%
Jane PorterQueen Elizabeth IDr. Harleen Quinzel / Harley QuinnNaomi LapagliaMargot Robbie
61%
Alfred HitchcockOdinRichard NixonDr. Hannibal LecterAnthony Hopkins
59%
Agentin Irina SpalkoKathrine HepburnHelaGaladrielCate Blanchett
44%
Captain Jean-Luc PicardProfessor Charles XavierKapitän AhabSir Simon de CantervillePatrick Stewart
39%
Greg Wonder / Antonio Coimbra de la Coronilla y AzevedoBambi (Bambino)Wilbur WalshBanana JoeBud Spencer
36%
Tess OceanKönigin ClementiannaMaggie CarpenterVivian WardJulia Roberts
33%
Der Mandarin / Trevor„The Mahatma“Ambrosinus/MerlinDamian HaleBen Kingsley
31%
Professor Charles XavierDavid PercivalKevin Wendell Crumb / Die Bestie / Patricia / Orwell / Barry ...Simon NewtonJames McAvoy
31%
Charlie CrokerMarcus LuttrellMax PayneDaniel LugoMark Wahlberg
28%
Michael Edwards / Eddie the EagleGary "Eggsy" Unwin / GalahadElton JohnRobin HoodTaron Egerton
25%

Verteilung der Resultate

Perzentil nach korrekt beantworteten Fragen

Anzahl Personen mit jedem Resultat

Ihre Resultats-Entwicklung

Sie haben dieses Quiz noch nicht gespielt